000 01954nas1a22003251 4500
001 RU\NLR\INFOCOMM18\1000038321
005 20250807190220.0
035 _a(NLR Aleph) 002279545
090 _a88747
_c88747
100 _a20250807 rusy50
101 0 _arus
110 _aayu||||0|y0
200 1 _aУзбекистан, Казахстан, Туркмения, Таджикистан и Киргизия в Великой Отечественной войне
_eБиблиография материалов, опубликованных в Средней Азии
_fАкад. наук СССР. Фундамент. б-ка по обществ. наукам. Ташкентск. филиал
210 _a[Б. м.]
_d1942-1945
309 _aСтеклогр.
517 1 _aБиблиография материалов, опубликованных в Средней Азии
710 0 2 _aАН СССР
_bФундаментальная библиотека общественных наук им. В. П. Волгина
_3RU\NLR\AUTH\88994
_4070
801 1 _aRU
_bInfoComm
_c20031205
801 0 _aRU
_bNLR
_gPSBO
852 _aNLR
_jС453-420/У-34
942 _cJOURNAL
945 _aРоссийская национальная библиотека
_aНациональная библиотека Республики Казахстан
980 _aBV
980 _aRUSPER